| 000 | 00589nam a22002057a 4500 | ||
|---|---|---|---|
| 003 | OSt | ||
| 005 | 20140310184509.0 | ||
| 008 | 131014t xxu||||| |||| 00| 0 eng d | ||
| 020 | _a0590436112 | ||
| 050 |
_aE 185.97.K5 _b.Ad237 1991 |
||
| 100 |
_aAdler, David A. _923317 |
||
| 245 |
_aA picture book of Martin Luther King, Jr. / _cDavid A. Adler |
||
| 260 |
_aNew York, NY : _bScholastic Inc., _c1991. |
||
| 300 |
_a28 p. : _bcol. ill. ; _c22 cm. |
||
| 521 | _aG4 | ||
| 526 | _c680 | ||
| 650 |
_aHistory _xMartin Luther King, Jr. _929130 |
||
| 942 |
_2lcc _cBK-SCHOLAS |
||
| 999 |
_c34886 _d34886 |
||